Circa 1492: art the age of exploration

में बचाया:
ग्रंथसूची विवरण
मुख्य लेखक: Levenson, Jay A (लेखक)
स्वरूप: पुस्तक
भाषा:अंग्रेज़ी
प्रकाशित: Washington, D.C National Gallery of Art 1991
विषय:
टैग: टैग जोड़ें
कोई टैग नहीं, इस रिकॉर्ड को टैग करने वाले पहले व्यक्ति बनें!

MARC

LEADER 00000nam a2200000 a 4500
001 UCQ8468
003 CL-VaPUC
008 981209e19910000US |||||||||||||||||eng|d
082 0 4 |a 909.4  |b LEV  |2 21 
100 0 |a Levenson, Jay A  |e author  |9 422451 
245 1 0 |a Circa 1492: art the age of exploration 
300 |a 671 p 
942 |c BK 
945 |d 19981209 00:00:00  |a aarredon 
260 |a Washington, D.C  |b National Gallery of Art  |c 1991 
650 0 |a Historia  |9 255047 
650 0 |a Arte  |9 265238 
650 0 |a Pinturas  |9 347968 
650 0 |a Arquitectura religiosa  |9 266677 
650 0 |a Arte decorativo   |9 330995 
650 0 |a Retratos  |9 313437 
650 0 |a Edificios   |9 260501 
650 7 |a CONSTRUCCIONES  |2 CL-VaPUC  |9 262690 
650 0 |a Conquista española  |9 267777 
650 0 |a Arte azteca  |9 422452 
650 0 |a Arte japonés  |9 268878 
650 0 |a Monasterios  |9 266676 
583 |a last modification  |c 19981209 00:00:00  |k Rodrigo Vera 
999 |c 277721  |d 277719 
952 |0 0  |1 0  |4 0  |6 909_400000000000000_LEV_1991  |7 0  |8 P  |9 315893  |a BIBARQ  |b BIBARQ  |d 2019-11-20  |i 3483983  |o 909.4 LEV 1991  |p 3483983  |r 2025-01-20  |w 2019-11-20  |y BK  |k ARQ